01299nam a22002417a 4500999001500000003000900015008004100024020001500065040007100080082002800151100002700179245009700206260005400303300002600357505040100383650005100784650002900835650002600864700003300890942001600923945002000939952009800959  c1419d1419AR-CdUCM190227b           ||||| |||| 00| 0 spa d  a9682905923  aMUNICIPALIDAD PROVINCIAL DEL CUSCOcBIBLIOTECA MUNICIPAL DEL CUSCO  22da. ed.a377.29 /bL46  aLeon Lopez, Enrique G.  aEl Instituto Politecnico Nacional :bOrigen y Revolucion Historica /cLeon Lopez, Enrique G.  aMexico :bInstituto Politecnico Nacional ,c1986.  a354 paginas :c21 cm.  aBreve Cronica de los Institutos Politecnicos -- Antecedentes Historicos del Instituto Politecnico Nacional -- La Creacion del Instituto Politecnico Nacional -- Los Inicios de la Investigacion Cientifica -- La investigacion cientifica y tecnologica en las actuales escuelas del Instituto Politecnico Nacional -- El Centro de Investigacion y Estudios Avanzados del Instituto Politecnico Nacional...  aInstituto Politecnico Nacional (Mexico).95389  aEducacion Tecnica.95178  aMexico Tecnico.95390  aLeon Lopez, Enrique G.95388  2ddccLIBROS  artmd2019-02-27  002ddc4070aSHbSHcCARTd2019-02-27g20.00o377.29 / L46pSH0000001505r2019-02-27yLIBROS